000
00350 a2200169 4500
001
183249
020
_a
040
_c
Magnum
100
_a
Wilkerson, David
240
1
0
_a
A cruz e o punhal
_l
por
245
1
0
_a
A cruz e o punhal
300
_a
219
362
0
_a
1983
440
1
_a
Globo
697
_a
LITERATURA GERAL ESTRANGEIRA
942
_c
BK
999
_c
183249
_d
183249